The significance of sustainability best practice in retail property (Record no. 82072)

MARC details
000 -LEADER
fixed length control field 01234cam a22002055a 4500
001 - CONTROL NUMBER
control field L149137
008 - FIXED-LENGTH DATA ELEMENTS--GENERAL INFORMATION
fixed length control field 100115s2009 xxk 000 0 eng d
035 ## - SYSTEM CONTROL NUMBER
System control number (Sirsi) u149137
041 0# - LANGUAGE CODE
Language code of text/sound track or separate title eng
100 1# - MAIN ENTRY--PERSONAL NAME
Personal name Newell, Graeme
245 04 - TITLE STATEMENT
Title The significance of sustainability best practice in retail property
260 ## - PUBLICATION, DISTRIBUTION, ETC.
Date of publication, distribution, etc. 2009
490 #0 - SERIES STATEMENT
Series statement Journal of Retail and Leisure Property
Volume/sequential designation 8(4) November 2009, 259-271(13)
520 ## - SUMMARY, ETC.
Summary, etc. Property companies particularly in the retail property sector have led the way in the promotion of environmental sustainability. Highlights some of the strategies used by property companies in the UK, Europe, United States, Asia and Australia in developing excellence and best practice in sustainability for retail property. The environmental sustainability debate will need to be extended to achieve a fuller culture change in the property industry. Outlines further initiatives likely to advance the retail property sustainability agenda. Figures. References.
590 ## - LOCAL NOTE (RLIN)
Local note KA
651 #4 - SUBJECT ADDED ENTRY--GEOGRAPHIC NAME
Geographic name International
690 ## - LOCAL SUBJECT ADDED ENTRY--TOPICAL TERM (OCLC, RLIN)
Topical term or geographic name as entry element PROPERTY-COMMERCIAL PROPERTY-RETAIL PROPERTY
856 48 - ELECTRONIC LOCATION AND ACCESS
Uniform Resource Identifier <a href="https://www.rics.org/profession-standards/knowledge-and-information-services">https://www.rics.org/profession-standards/knowledge-and-information-services</a>
Public note How to access eJournals
942 ## - ADDED ENTRY ELEMENTS (KOHA)
Suppress in OPAC 0
Source of classification or shelving scheme Dewey Decimal Classification
Holdings
Withdrawn status Lost status Source of classification or shelving scheme Damaged status Not for loan Home library Current library Shelving location Date acquired Total Checkouts Full call number Barcode Date last seen Copy number Price effective from Koha item type
    Dewey Decimal Classification     London London Journals 15/01/2010   L149137 149137-1001 06/08/2019 1 06/08/2019 Journal article